00977cam a22002897a 4500003000500000005001700005008004100022010000900063011000900072035000900081040000900090100004000099245018700139260004000326300001800366502007500384650001300459650002400472650002900496650003000525650003200555650002600587650001100613650002400624650001400648700002500662CHAP20220329133146.0971013s1991 r 00010 d a2834 a3806 a3007 cCHAP00aFuentes López, Darío Francisco. 0aComportamiento inicial de trébol persa (Trifolium resupinatun L.) y trébol madrid (Melilotus officinalis L.) asociados con sorgo negro (Sorghum almum L.) y competencia controlada aChapingo, Méx. :bEl autor,c1991 a73 h.b: ilus aTesis (Ing. Agr. Esp. en Zootecnia) -- UACH. Departamento de Zootecnia14aBiomasa.14aCultivos asociados.14aCultivos en invernadero.14aFertilizantes fosfatados.14aFertilizantes nitrogenados.14aPlantasxCompetencia.14aSorgo.14aSorgoxRendimiento.14aTrébol.0 aCruz Rubio, Isidoro.